| 000 | 00898nam a22002657a 4500 | ||
|---|---|---|---|
| 001 | 9009 | ||
| 003 | FISKH | ||
| 005 | 20260319141804.0 | ||
| 008 | 251113b cb ||||| |||| 00| 0 eng d | ||
| 020 | _a027506930051 | ||
| 040 |
_aFISKH _beng _cFISKH _dFISKH |
||
| 050 | _aPZ7 | ||
| 082 | _a813.6 | ||
| 100 |
_aAnonymous _eAuthor |
||
| 245 |
_aHandy manny : _bGardening tools / |
||
| 260 |
_aMaitland : _bDisney Enterprise , _c2010 |
||
| 300 |
_a22 unnumbered pages : _bcolor illustrations ; _c23 cm |
||
| 505 | _aG | ||
| 520 | _a"The weather is wild in Sheet Rock Hills! Will Manny and the tools be able to help the little plants in the community garden--and deliver the fresh vegetables Abuelito has promised to Mrs. Portillo?"--From back cover. | ||
| 521 | 8 |
_a325
_bLexile estimate |
|
| 521 | 8 |
_aG
_bRaz-Plus |
|
| 650 |
_aFiction _vGardening |
||
| 942 |
_2ddc _cBK _n0 |
||
| 999 |
_c9009 _d9009 |
||